[Event "Asian Zonal 3.3 Women 2019"]
[Site "Ulaanbaatar"]
[Date "2019.04.12"]
[Round "6.6"]
[White "Sukandar, Irine Kharisma"]
[Black "Pham, Bich Ngoc"]
[Result "0-1"]
[WhiteElo "2384"]
[BlackElo "2160"]
[Annotator "TA"]
[PlyCount "96"]
[EventDate "2019.04.07"]
[EventType "swiss"]
[EventRounds "9"]
[EventCountry "MGL"]
[SourceTitle "playchess.com"]
[Source "ChessBase"]
[SourceQuality "1"]

{[%evp 9,96,62,66,46,71,48,54,46,85,75,75,76,79,77,85,80,79,64,62,81,135,132,178,133,162,-10,-10,-10,-10,-10,-13,-13,-13,-13,-9,-14,-7,-7,-11,-9,12,0,0,0,0,0,0,0,15,22,17,24,18,0,7,0,87,93,94,103,116,111,87,0,0,0,0,0,26,8,17,0,249,15,16,-29973,-29974,-29974,-29975,-29975,-29976,-29971,-29970,-29990,-29991,-29991,-29992,-29992,-29993]} 1. e4 e5 2. Nf3 d6 3. d4 exd4 4. Nxd4 g6 5. Nc3 Bg7 6. h4 {C41: Philidor Defence} (6. Be3 Nf6 7. Qd2 O-O 8. O-O-O Nc6 9. f3 Nxd4 10. Bxd4 Be6 11. Kb1 Re8 12. g4 c5 13. Bf2 Qa5 14. Nd5 Qa4 15. Nc3 Qa5 16. Nd5 Qa4 17. Nc3 {½-½ (17) Vachier Lagrave,M (2711)-Vorotnikov,V (2464) Basel 2013}) 6... h6 $146 ({Predecessor:} 6... Nf6 7. Bg5 h6 8. Bf4 Nc6 9. Nb3 Qe7 10. Qe2 a5 11. a4 O-O 12. O-O-O Re8 13. f3 Nb4 {1-0 (34) Istratescu,A (2505)-Barbero,G (2520) Marcigny 1993}) 7. Bf4 Nf6 8. Qd2 {White is slightly better.} Bd7 9. O-O-O Nc6 10. Nxc6 Bxc6 11. Re1 $36 {[%mdl 2048] Black is under strong pressure.} Ng4 12. Be2 Qd7 ({Don't go for} 12... Nxf2 $2 13. Rhf1 $18) 13. f3 Ne5 14. Be3 O-O-O ({Black should play} 14... h5) 15. Qd4 $1 $16 f5 16. Qxa7 {[%cal Ra7a8]} Qf7 17. Bb5 $2 ({White should try} 17. Rd1 $18) 17... Bxb5 $1 $11 18. Nxb5 {Black must now prevent b3.} Qc4 {Hoping for ...Nd3+.} 19. Nc3 Nc6 20. Qa4 Qxa4 21. Nxa4 fxe4 22. fxe4 b5 23. Nc3 Bxc3 24. bxc3 Kd7 25. Rhf1 Ra8 26. Rf7+ Kc8 27. Bd4 Re8 28. Kb1 Ra4 29. Rf6 Kb7 30. Rxg6 Rea8 31. Rxh6 {Rh8 is the strong threat.} Rxa2 {( -> ...Ra1+)} 32. Kc1 Rg8 (32... Na5 $1 $11) 33. Re2 $1 $16 b4 34. Rh5 $1 Ka6 35. Kd1 Rg3 36. Ke1 (36. Bf6 $1 $16 Ra1+ 37. Kd2) 36... Nxd4 $11 37. cxd4 {[%mdl 4096] Endgame aiming for e5. KRR-KRR} Rc3 $1 38. Rg5 {Strongly threatening h5.} c5 39. dxc5 dxc5 40. h5 {Threatens to win with h6.} c4 $2 {[#]} (40... Rcxc2 $11 {and Black has nothing to worry.} 41. Rg6+ Ka5 42. Rxc2 Rxc2) 41. h6 $2 (41. Rg8 $1 $18 {[%cal Rg8a8]} Raxc2 42. h6 (42. Rxc2 Rxc2 43. h6 Rc1+ 44. Kd2 Rh1 $16)) 41... b3 $1 {[%cal Rb3b2]} 42. h7 $2 {[%mdl 8192]} (42. cxb3 $11 cxb3 43. h7) 42... bxc2 {Black mates.} 43. Kf2 {[#]} c1=Q $1 44. Rxa2+ Kb6 45. Rg6+ Kb5 46. g3 Qe3+ {[%mdl 64] Double Attack} 47. Kg2 Qxe4+ {[%mdl 64] Double Attack} 48. Kh2 Qxg6 {[%mdl 64] Double Attack. Accuracy: White = 55%, Black = 69%.} 0-1

[Event "Asian Zonal 3.3 Women 2019"]
[Site "Ulaanbaatar"]
[Date "2019.04.12"]
[Round "6.6"]
[White "Nguyen, Thi Mai Hung"]
[Black "Le, Thanh Tu"]
[Result "1/2-1/2"]
[WhiteElo "2281"]
[BlackElo "2220"]
[Annotator "RC"]
[PlyCount "68"]
[EventDate "2019.04.07"]
[EventType "swiss"]
[EventRounds "9"]
[EventCountry "MGL"]
[SourceTitle "playchess.com"]
[Source "ChessBase"]
[SourceQuality "1"]
[TimeControl "40/5400+30:1800+30"]

1. d4 c5 2. d5 Nf6 3. c4 e6 4. Nc3 exd5 5. cxd5 d6 6. Nf3 g6 7. g3 Bg7 8. Bg2 O-O 9. O-O a6 10. a4 Re8 11. Re1 Nbd7 12. e4 Qc7 13. h3 Rb8 14. Bf1 c4 15. a5 Nc5 16. e5 dxe5 17. d6 Qd8 18. Nxe5 Nh5 19. Nxc4 Rxe1 20. Qxe1 Nb3 21. Ra3 Nxc1 22. Qxc1 Be6 23. Qd2 Nf6 24. Ra4 Bf8 25. Bg2 b5 26. axb6 Bxc4 27. Rxc4 Rxb6 28. Rd4 Rxd6 29. Rxd6 Qxd6 30. Nd5 Nxd5 31. Bxd5 Qf6 32. b3 Bc5 33. Kg2 a5 34. Qe2 Kg7 1/2-1/2

[Event "Asian Zonal 3.3 Women 2019"]
[Site "Ulaanbaatar"]
[Date "2019.04.12"]
[Round "6.7"]
[White "Mendoza, Shania Mae"]
[Black "Nguyen, Thi Thanh An"]
[Result "0-1"]
[WhiteElo "2156"]
[BlackElo "2264"]
[Annotator "TA"]
[PlyCount "58"]
[EventDate "2019.04.07"]
[EventType "swiss"]
[EventRounds "9"]
[EventCountry "MGL"]
[SourceTitle "playchess.com"]
[Source "ChessBase"]
[SourceQuality "1"]

{[%evp 16,58,75,70,82,74,85,52,112,112,114,102,122,146,134,143,140,150,140,116,150,165,167,168,178,181,262,113,276,0,0,0,0,-29,-31,-373,-364,-358,-345,-1261,-1258,-1144,-722,-29975,-5422]} 1. d4 g6 2. e4 c5 3. d5 Bg7 4. Nf3 d6 5. h3 a6 6. a4 {A43: Schmid Benoni} Nf6 7. Nc3 O-O 8. Bd3 Nbd7 9. O-O {LiveBook: 3 Games} Rb8 10. Re1 Ne8 $146 ({Predecessor:} 10... Ne5 11. Nxe5 dxe5 12. a5 Qc7 13. Be3 Bd7 14. b3 Ne8 15. Na4 Bxa4 16. Rxa4 {1-0 (37) Sambuev,B (2579)-Sun,M (2084) Trois Rivieres 2013}) 11. Bf4 e5 (11... Ne5 $14) 12. dxe6 $16 fxe6 13. Qd2 Qf6 14. Bg3 Qe7 15. a5 b5 16. axb6 $1 Rxb6 17. Ra2 Bb7 18. Bc4 Rb4 19. Bxa6 Bxa6 20. Rxa6 Rxb2 (20... Nb6 $142 21. b3 Qb7) 21. Na4 (21. Bxd6 Nxd6 22. Rxd6 Ne5 $11) (21. Ra7 $1 $18 {and the rest is easy.}) 21... Rb4 $2 {[#]} (21... Rb7 $16 {might work better.} 22. Rxd6 (22. Bxd6 Nxd6 23. Qxd6 Qxd6 $16) 22... Rxf3 23. gxf3 Nxd6 24. Bxd6 (24. Qxd6 Qxd6 25. Bxd6 Rb5 $14) 24... Ne5 25. Bxe5 (25. Bxe7 Nxf3+ 26. Kg2 Nxd2 $11) 25... Bxe5) 22. Bxd6 $2 (22. Ra7 $1 $18 {Threatens to win with Nxc5!} Rf7 23. c3) 22... Nxd6 $11 23. Rxd6 Ne5 $1 $36 {[%cal Re5f3][%mdl 2048] White is under pressure.} 24. Nxe5 Bxe5 25. Ra6 $2 {[%mdl 8192] [#]} (25. Rd7 $15 Qf6 26. Nxc5) 25... Bd4 $1 $19 26. Rf1 Qb7 $1 {[%csl LRa6,LRe4] ...Rb1 is the strong threat.} 27. Qe2 $2 (27. Rb6 Rxb6 28. Nxb6 Qxb6 29. Qe2) 27... Rb1 28. Nxc5 Bxc5 29. Kh1 Rxf2 {Precision: White = 36%, Black = 43%.} 0-1

[Event "Asian Zonal 3.3 Women 2019"]
[Site "Ulaanbaatar"]
[Date "2019.04.12"]
[Round "6.8"]
[White "Otgonjargal, Sengeravdan"]
[Black "Nomindalai, Tumurbaatar"]
[Result "0-1"]
[WhiteElo "2162"]
[BlackElo "1958"]
[Annotator "TA"]
[PlyCount "52"]
[EventDate "2019.04.07"]
[EventType "swiss"]
[EventRounds "9"]
[EventCountry "MGL"]
[SourceTitle "playchess.com"]
[Source "ChessBase"]
[SourceQuality "1"]

{[%evp 15,52,32,45,0,0,0,8,0,0,-22,8,20,23,0,-4,-8,14,-47,106,79,130,0,0,0,0,-212,0,0,-10,-94,-89,-578,-573,-1227,-1228,-1228,-1220,-29997,-29998]} 1. e4 d6 2. d4 Nf6 3. Nc3 e5 4. Nf3 Nbd7 5. Bc4 Be7 6. O-O O-O 7. a4 c6 8. Re1 a5 9. Bb3 {C41: Philidor Defence} (9. h3 h6 10. Be3 Re8 11. Qe2 exd4 12. Bxd4 Bf8 13. Bb3 Ne5 14. Rad1 Qc7 15. Nd2 Be6 16. f4 Ned7 17. Qf3 Rad8 18. Re2 Bxb3 19. Nxb3 {1-0 (45) Areshchenko,A (2652)-Moranda,W (2599) Germany 2018}) 9... exd4 10. Nxd4 Nc5 11. Bc4 {The position is equal.} Be6 12. Nxe6 $146 ({Predecessor:} 12. Bxe6 Nxe6 13. Nf5 Qc7 14. f4 Rad8 15. Qf3 Rfe8 16. Ne2 d5 {1-0 (30) Chui,A (1664)-Garceran Wang,M Hong Kong 2014}) 12... Nxe6 13. Be3 Nd7 14. Qh5 Bf6 15. Rad1 Be5 16. Rd3 ({Better is} 16. Bxe6 $11 fxe6 17. Ne2) 16... Bf4 $2 (16... g6 $15 {keeps the upper hand.} 17. Qh3 Ndc5) 17. Bxe6 $1 $16 fxe6 18. Qg4 (18. Bxf4 $16 Rxf4 19. Rxd6) 18... Ne5 $1 $11 {[%cal Re5g4]} 19. Qxe6+ {[%mdl 64] Double Attack} Kh8 20. Rd2 $2 {[#]} ({Don't play} 20. Rxd6 Qh4 $17) (20. Rdd1 $11 {and White has nothing to worry.}) 20... Qh4 $2 (20... Qg5 $1 $19 21. Qxd6 Nf3+ {[%mdl 64] Double Attack, Discovered Attack} 22. Kf1 Nxh2+ 23. Kg1 Nf3+ {[%mdl 64] Double Attack} 24. Kf1 {[#]} Qxg2+ $1 {[%mdl 512]} 25. Kxg2 Nxe1+ 26. Kf1 Bxd6 27. Kxe1 Bf4) 21. Bxf4 Qxf4 22. Ree2 (22. Rde2 $11) 22... Rf6 $40 {[%mdl 128] Black goes for the king.} 23. Qb3 $2 {[%mdl 8192]} (23. Qh3 $17 {is more resistant.}) 23... Rh6 $19 24. h3 {[#]} Rxh3 $1 {[%mdl 576] Deflection} 25. gxh3 Nf3+ {[%mdl 64] Double Attack} 26. Kg2 Qg5+ {Accuracy: White = 23%, Black = 51%.} ({Less strong is} 26... Nxd2 27. Qe6 $17) 0-1

[Event "Asian Zonal 3.3 Women 2019"]
[Site "Ulaanbaatar"]
[Date "2019.04.12"]
[Round "6.9"]
[White "Enkhsaran, Batsaikhan"]
[Black "Pham, Le Thao Nguyen"]
[Result "0-1"]
[WhiteElo "1792"]
[BlackElo "2383"]
[Annotator "TA"]
[PlyCount "90"]
[EventDate "2019.04.07"]
[EventType "swiss"]
[EventRounds "9"]
[EventCountry "MGL"]
[SourceTitle "playchess.com"]
[Source "ChessBase"]
[SourceQuality "1"]

{[%evp 14,90,7,5,4,0,11,16,29,0,23,15,12,14,34,0,0,0,8,0,-8,-30,-37,-75,-64,-121,-104,-176,-181,-194,-156,-312,-217,-208,-143,-170,-171,-172,-125,-205,-157,-160,-165,-261,-278,-271,-268,-413,-396,-575,-568,-654,-493,-581,-482,-473,-472,-482,-422,-422,-422,-485,-469,-470,-469,-502,-494,-511,-503,-498,-491,-560,-558,-594,-593,-580,-574,-581,-551]} 1. d4 d5 2. c4 c6 3. cxd5 cxd5 4. Bf4 Nc6 5. Nc3 Nf6 6. Nf3 Bf5 7. e3 e6 8. Rc1 {LiveBook: 32 Games} Bb4 {D14: Slav Defence: Exchange variation with ...Bf5} (8... Rc8 9. Be2 Bd6 10. Bxd6 Qxd6 11. Nh4 Bg6 12. O-O O-O 13. Nxg6 hxg6 14. Qd2 Qd7 15. Rfd1 Ne7 16. Bb5 {½-½ (26) Ma,Q (2645)-Bu,X (2725) China 2018}) 9. Bd3 Bg4 $146 ({Predecessor:} 9... Bxd3 10. Qxd3 O-O 11. O-O Rc8 12. a3 Bd6 13. Bxd6 Qxd6 14. Rc2 a6 15. Rfc1 Nd7 16. b4 {1-0 (38) Thorgeirsson,S (2255)-Svensson,B (2342) Sweden 2016}) 10. O-O O-O {The position is equal.} 11. Be2 Nd7 {[%cal Bf6d7,Bd7b6,Bb6a4,Ba4c3][%mdl 32]} 12. a3 Be7 13. h3 Bh5 14. Nd2 Bxe2 15. Qxe2 Nb6 16. Rfe1 Rc8 17. b4 a5 18. b5 Na7 19. a4 {[#]} ({White should try} 19. Ndb1 $15) 19... Ba3 $1 $17 {[%cal Ra3c1]} 20. Rc2 {[#]} (20. Nb3 $17 {might work better.}) 20... Nxa4 $1 $19 {[%mdl 512]} 21. Ndb1 (21. Nxa4 Rxc2) 21... Nxc3 22. Rxc3 $2 (22. Nxc3 $17 Bd6 23. Bxd6 Qxd6 24. Qd3) 22... Rxc3 23. Nxc3 b6 24. Qg4 Re8 {[%cal Bf8e8,Be8c8,Bc8c6][%mdl 32]} 25. Qg3 Qd7 {Threatens to win with ...Bb4.} 26. Be5 (26. e4 $17 {is a better defense.} Bb4 27. exd5 Bxc3 28. dxe6 Rxe6 29. Rxe6 fxe6 30. Qxc3) 26... Bf8 27. Rb1 Rc8 28. Na4 (28. e4 $142) 28... Qd8 29. Nc5 Qe8 ({Less strong is} 29... bxc5 30. b6 $15) 30. Na4 (30. Bd6 $142) 30... Nxb5 31. Nxb6 (31. Rb2 $142 Nxd4 32. Bxd4 Qxa4 33. Rxb6) 31... Nc3 {Black is clearly winning.} 32. Rb2 Rc6 33. Qg4 a4 34. Nxa4 Nxa4 35. Rb7 Nb6 36. Rb8 Nc8 37. e4 dxe4 38. Qxe4 Qd7 39. Qg4 {[#]} f6 $1 40. Bg3 (40. Bxf6 Rc1+) 40... Bd6 41. Rb1 Bxg3 42. fxg3 Ne7 43. Qe4 Qd5 44. Rb8+ Rc8 45. Qxd5 exd5 {Precision: White = 32%, Black = 77%.} 0-1

[Event "Asian Zonal 3.3 Women 2019"]
[Site "Ulaanbaatar"]
[Date "2019.04.12"]
[Round "6.10"]
[White "Anu, Bayar"]
[Black "Mandukhai, Myagmarsuren"]
[Result "0-1"]
[WhiteElo "2146"]
[BlackElo "1902"]
[Annotator "TA"]
[PlyCount "56"]
[EventDate "2019.04.07"]
[EventType "swiss"]
[EventRounds "9"]
[EventCountry "MGL"]
[SourceTitle "playchess.com"]
[Source "ChessBase"]
[SourceQuality "1"]

{[%evp 15,56,24,24,0,0,0,-9,-24,0,0,0,0,0,6,0,-83,30,0,0,-297,-310,-400,-383,-408,-409,-480,-472,-455,-470,-499,-433,-735,-756,-705,-737,-2346,-283,-2223,-2228,-29987,-29988,-29990,-29990]} 1. d4 d5 2. c4 e6 3. Nc3 c6 4. e3 Nf6 5. Nf3 Nbd7 6. Bd3 dxc4 7. Bxc4 b5 8. Bd3 Bd6 9. e4 {D47: Semi-Slav: Meran System} (9. Qc2 Bb7 10. e4 e5 11. Bg5 h6 12. Bh4 O-O 13. O-O-O Qe7 14. Kb1 a6 15. dxe5 Nxe5 16. Nd4 g6 {½-½ (41) Adhiban,B (2671)-Nguyen,N (2618) Hamedan 2018}) 9... e5 10. Bg5 h6 11. Bh4 {The position is equal.} exd4 12. Nxd4 g5 $146 ({Predecessor:} 12... Ne5 13. Bc2 Bc5 14. Nf5 Bxf5 15. exf5 Qxd1+ {½-½ (15) Staniszewski,P (2402)-Gritsak,O (2524) Chotowa 2007}) 13. Bg3 Bxg3 14. hxg3 Ne5 $36 {[%mdl 2048] Black is pushing.} 15. Bc2 {[#]} (15. Be2 $11 {remains equal.}) 15... b4 ({Better is} 15... Bg4 $1 $17 {[%cal Rg4d1]} 16. f3 Qb6 17. Nxc6 Nxc6 18. fxg4 O-O) 16. Nce2 Qb6 17. Ba4 $2 {[%mdl 8192] [#]} (17. f4 $11 {and White is okay.} gxf4 18. gxf4) 17... Ba6 $1 $19 ({And not} 17... Nxe4 18. f4 $16) 18. O-O {Hoping for Nxc6!} Rd8 19. Qc2 Bd3 {[%mdl 64] Double Attack} (19... Rxd4 $2 20. Nxd4 Bd3 21. Bxc6+ Kf8 22. Qd2 $19) 20. Qc1 {[%cal Rd4c6]} Rxd4 21. Nxd4 Qxd4 22. Rd1 Nfg4 23. Bxc6+ (23. Rd2 $142 O-O 24. Qe1) 23... Ke7 24. Qd2 Nxc6 25. Qxd3 Qxf2+ 26. Kh1 Rd8 27. Qb3 Ne3 {[%csl Ge3][%cal Rf2g2]} 28. Rg1 Qxg3 {Accuracy: White = 37%, Black = 78%.} 0-1

[Event "Asian Zonal 3.3 Women 2019"]
[Site "Ulaanbaatar"]
[Date "2019.04.12"]
[Round "6.11"]
[White "Mungunzul, Bat-Erdene"]
[Black "Yanjinlkham, Bayarsaikhan"]
[Result "0-1"]
[WhiteElo "1906"]
[BlackElo "1951"]
[Annotator "NA RC"]
[PlyCount "80"]
[EventDate "2019.04.07"]
[EventType "swiss"]
[EventRounds "9"]
[EventCountry "MGL"]
[SourceTitle "playchess.com"]
[Source "ChessBase"]
[SourceQuality "1"]
[TimeControl "40/5400+30:1800+30"]

1. d4 d5 2. c4 c6 3. Nc3 Nf6 4. Nf3 a6 5. a4 e6 6. Bg5 dxc4 7. Ne5 h6 8. Bxf6 gxf6 9. Nxc4 Bb4 10. Qb3 a5 11. e3 Nd7 12. Be2 Rg8 13. Bf3 Rb8 14. Na3 f5 15. Rd1 Qe7 16. Nc2 Bd6 17. g3 Kf8 18. e4 e5 19. d5 f4 20. Qc4 Nc5 21. Qe2 Rg6 22. Bh5 Rg5 23. Bf3 Bd7 24. Na3 Nb3 25. gxf4 exf4 26. h4 Rg6 27. Nc4 Bc5 28. Qd3 Nd4 29. Bh5 Rg2 30. Rd2 Bg4 31. Bxg4 Rxg4 32. d6 Qe6 33. f3 Rg3 34. Ne2 Nxf3+ 35. Kd1 Nxd2 36. Nxg3 Qxc4 37. Qxd2 Qb3+ 38. Ke2 Qxg3 39. Qxa5 Qe3+ 40. Kd1 Qd3+ 0-1

[Event "Asian Zonal 3.3 Women 2019"]
[Site "Ulaanbaatar"]
[Date "2019.04.12"]
[Round "6.12"]
[White "Doan, Thi Hong Nhung"]
[Black "Tsogzolmaa, Nanjid"]
[Result "1-0"]
[WhiteElo "1938"]
[BlackElo "1815"]
[Annotator "NA RC"]
[PlyCount "105"]
[EventDate "2019.04.07"]
[EventType "swiss"]
[EventRounds "9"]
[EventCountry "MGL"]
[SourceTitle "playchess.com"]
[Source "ChessBase"]
[SourceQuality "1"]
[TimeControl "40/5400+30:1800+30"]

1. d4 e6 2. c4 Nf6 3. Nf3 d5 4. Nc3 a6 5. cxd5 exd5 6. Qc2 Be6 7. Bg5 Bd6 8. e3 Nbd7 9. Bd3 c6 10. O-O Qc7 11. Bh4 O-O 12. Na4 Bg4 13. Bg3 Bh5 14. b4 Bxg3 15. hxg3 Bg6 16. Nc5 Rfe8 17. Rab1 Bxd3 18. Qxd3 Ne4 19. a4 Nd6 20. Rfc1 Nb6 21. Ng5 f5 22. Qe2 h6 23. Nf3 Nbc4 24. Nd2 Nxd2 25. Qxd2 Qf7 26. Nd3 Nc4 27. Qc3 h5 28. Ne5 Nxe5 29. dxe5 Qe6 30. f4 Qg6 31. Kf2 Re6 32. Rh1 Qf7 33. Qd4 Rc8 34. Rbc1 g6 35. Rc3 Qe7 36. Kf3 a5 37. bxa5 Qd8 38. Rc5 Ra8 39. Qc3 Re7 40. Rb1 Rd7 41. Qd2 g5 42. Rh1 h4 43. gxh4 g4+ 44. Kg3 d4 45. Qa2+ Kf8 46. e6 Rd5 47. Rxd5 cxd5 48. exd4 Qxa5 49. Qa3+ Kg8 50. Rc1 Re8 51. Qe3 Qxa4 52. Rc7 Qa6 53. Qe5 1-0

[Event "Asian Zonal 3.3 Women 2019"]
[Site "Ulaanbaatar"]
[Date "2019.04.12"]
[Round "6.13"]
[White "Frayna, Janelle Mae"]
[Black "Munkhzul, Davaakhuu"]
[Result "1-0"]
[WhiteElo "2163"]
[BlackElo "1793"]
[Annotator "TA"]
[PlyCount "67"]
[EventDate "2019.04.07"]
[EventType "swiss"]
[EventRounds "9"]
[EventCountry "MGL"]
[SourceTitle "playchess.com"]
[Source "ChessBase"]
[SourceQuality "1"]

{[%evp 22,67,29,18,47,3,22,9,7,-120,0,0,0,11,-8,-4,0,-20,54,59,66,63,1220,1220,1072,1039,1039,826,2147,2013,29988,29989,29989,29986,29986,29987,29987,29988,29988,29989,29981,764,886,783,773,772,735,729]} 1. Nf3 Nf6 2. g3 e6 3. Bg2 Be7 4. c4 O-O 5. O-O d5 6. b3 c5 7. Bb2 Nc6 8. e3 b6 9. Nc3 Bb7 10. cxd5 exd5 11. d4 Rc8 12. dxc5 {LiveBook: 5 Games. A14: English Opening: 1...e6 with b3 by White} Bxc5 13. Na4 $146 ({Predecessor:} 13. Ne2 Ba6 14. a3 Re8 15. b4 Bf8 16. Re1 Bc4 17. Ned4 Nxd4 18. Nxd4 Ne4 19. Ne2 Be7 20. Rc1 Bf6 21. Nd4 h6 22. Ba1 Qe7 {½-½ (22) Donghvani,N (1581)-Pipia,E (1716) Mamaia 2017}) 13... Ba6 14. Re1 {The position is equal.} Bb4 15. Nd2 {[#]} (15. Bf1 $11 {remains equal.} Bxf1 16. Rxf1) 15... Ne4 (15... d4 $1 $17 {[%cal Rd4e3]} 16. exd4 Nxd4 17. Bxd4 Qxd4) 16. Nxe4 $11 Bxe1 17. Qg4 {[%csl Gb2][%cal Rg4g7]} d4 $1 {aiming for ...f5.} 18. Rxe1 {Strongly threatening Qf5.} f5 {[%mdl 64] Double Attack} 19. Qh3 {Black must now prevent Ba3.} fxe4 (19... Nb4 $11) 20. Bxe4 $14 h6 $1 21. Qe6+ {[%mdl 1088] [#] Double Attack. White has compensation.} Kh8 $2 {[%mdl 8192]} (21... Rf7 $14) 22. Qg6 $18 {[%csl Ge4][%cal Rg6h7]} Kg8 23. Qh7+ Kf7 24. Bg6+ Kf6 25. exd4 {Intending d5+ and mate.} Nxd4 26. Bh5 {[%csl Gh5][%cal Rh7g6]} Be2 27. Qg6+ Ke7 28. Ba3+ Rc5 29. Nxc5 bxc5 30. Bxc5+ Kd7 31. Qd6+ (31. Qxg7+ $142 Rf7 32. Qxf7+ Kc6 33. Bxd4 Qxd4 34. Bxe2 Kd6 35. Bf3 Kc5 36. Qxa7+ Kb5 37. Qxd4 h5 38. Re6 Ka5 39. Qc5#) 31... Kc8 {White is clearly winning.} 32. Qxd8+ Rxd8 33. Bxe2 Nxe2+ 34. Rxe2 {Accuracy: White = 53%, Black = 25%.} 1-0

[Event "Asian Zonal 3.3 Women 2019"]
[Site "Ulaanbaatar"]
[Date "2019.04.12"]
[Round "6.14"]
[White "Amina, Battsooj"]
[Black "Khongorzul, Davaakhuu"]
[Result "1-0"]
[WhiteElo "2155"]
[BlackElo "1568"]
[Annotator "TA"]
[PlyCount "65"]
[EventDate "2019.04.07"]
[EventType "swiss"]
[EventRounds "9"]
[EventCountry "MGL"]
[SourceTitle "playchess.com"]
[Source "ChessBase"]
[SourceQuality "1"]

{[%evp 16,65,8,16,60,55,88,26,52,26,29,32,91,94,105,76,85,78,84,0,61,36,39,24,83,56,90,95,177,154,449,281,340,213,240,210,655,627,1035,1035,1253,1228,29986,29987,29992,29993,29993,29994,29994,29995,29998,29997]} 1. e4 c5 2. Nf3 d6 3. d4 cxd4 4. Nxd4 Nf6 5. Nc3 a6 6. Be2 e6 7. O-O Qc7 8. a4 Nc6 {B84: Sicilian Scheveningen: 6 Be2 a6, lines without early Be3} (8... b6 9. f4 Bb7 10. Bf3 Nc6 11. Kh1 Be7 12. e5 dxe5 13. fxe5 Nxe5 14. Bf4 Bxf3 15. Nxf3 Bd6 16. Re1 Nc4 17. Bg5 Be7 18. Bxf6 gxf6 {0-1 (58) Adhiban,B (2671)-Van Wely,L (2674) Monzon 2016}) 9. Be3 {LiveBook: 189 Games} e5 10. Nb3 Be6 {White is slightly better.} 11. f4 $146 (11. Nd5 $16 Bxd5 12. exd5) ({Predecessor:} 11. Nd5 Bxd5 12. exd5 Nb8 13. a5 Nbd7 14. f3 Rc8 15. c4 Be7 16. Nd2 {0-1 (46) Vo,T-Nguyen,T (1868) Hue 2009}) 11... Nb4 12. Kh1 Be7 13. a5 Rc8 (13... Bxb3 $14 14. cxb3 exf4 15. Rxf4 O-O) 14. Ra4 $1 $16 {[%cal Ra4b4]} d5 15. fxe5 Nxe4 16. Nxe4 dxe4 {[#]} 17. c3 ({White should try} 17. Nd4 $1 $16) 17... Nd5 ({Better is} 17... Nd3 $11 18. Bxd3 exd3) 18. Rxe4 $14 Nxe3 19. Rxe3 Bg5 (19... Rd8 $11 {remains equal.} 20. Nd4 O-O) 20. Re4 Rd8 21. Nd4 {[%cal Bb3d4,Bd4f5,Bf5d6][%mdl 32]} Qxa5 {[#]} (21... O-O $16) 22. Bd3 $1 $36 {[%mdl 2048] White is in control.} Bd5 $2 (22... Be7 $16 {was worth a try.} 23. Ref4 (23. Nxe6 fxe6 24. b4 Qc7 $16) 23... Bd5) 23. Rg4 Bh6 24. Nf5 {Black must now prevent Nd6+.} Be6 {intending ...Bxf5.} 25. Nd6+ ({Much less strong is} 25. Nxg7+ $6 Bxg7 26. Rxg7 Qxe5 $16) 25... Ke7 $2 (25... Rxd6 26. exd6 Bxg4 27. Qxg4 O-O) 26. Re4 Qb6 27. Rb4 {[%cal Be4b4,Bb4b7,Bb7f7][%mdl 32]} Qc6 28. Be4 Qc5 29. Rxb7+ {White mates.} Kf8 30. Rbxf7+ Kg8 {[#]} 31. Qf3 $1 g6 32. Qf6 Qb6 33. Qxe6 {Precision: White = 80%, Black = 14%.} 1-0